Statistics for Lust for Life - Lana Del Ray Lyrics

Click here to take the quiz!

General Stats

  • This quiz has been taken 124 times
  • The average score is 211 of 281

Answer Stats

HintAnswer% Correct
a
98%
H
96%
for
94%
the
93%
I
92%
you
91%
4xlife,
90%
4xlife
90%
lust
89%
of
89%
us
88%
we
88%
We
88%
Hollywood
86%
to
86%
sign
85%
take
84%
Take
84%
your
84%
all
83%
And
83%
and
83%
3xclothes
83%
off
83%
off,
83%
die
82%
on
82%
We're
81%
we're
81%
Climb
80%
our
80%
up
80%
'Cause
79%
no
79%
4xalive
78%
4xalive,
78%
just
78%
Keeps
77%
keeps
77%
say
77%
So
76%
They
76%
good
75%
Too
75%
too
75%
in
74%
In
74%
forever
73%
That
73%
young
73%
much
72%
fun
71%
masters
71%
only
71%
dance
70%
havin'
70%
is
70%
like...
70%
like
70%
like..
70%
My
69%
own
69%
mine
68%
there's
68%
There's
68%
boy,
66%
right
66%
tonight
66%
stolen
65%
'til
65%
'Til
65%
ever
64%
together
64%
ain't
63%
captains
63%
fate
63%
moments,
63%
than
63%
world
63%
he's
62%
having
61%
souls
61%
these
61%
back
60%
love
60%
was
60%
nobody
59%
blue
58%
here,
58%
Keepin'
58%
cooler
57%
gotta
57%
July
57%
skies
57%
boyfriend's
56%
me
55%
hot
54%
more
54%
need
53%
night,
52%
hesitate
51%
out
50%
letter
49%
green
48%
breath,
47%
let's
47%
run
47%
lights
46%
told
46%
control
45%
alone,
43%
come
43%
now,
43%
twice
42%
way
42%
stopping
40%
gold,
39%
gold
39%
late
22%
captains
18%

Score Distribution

Percentile by Number Answered

Percent of People with Each Score

Your Score History

You have not taken this quiz